The note-books of Matthew Arnold / (Record no. 55593)
[ view plain ]
| 000 -LEADER | |
|---|---|
| fixed length control field | 00865nam a2200253 a 4500 |
| 001 - CONTROL NUMBER | |
| control field | 55593 |
| 003 - CONTROL NUMBER IDENTIFIER | |
| rucl marc code | BD-RjUL |
| 005 - DATE AND TIME OF LATEST TRANSACTION | |
| control field | 20211209080303.0 |
| 008 - FIXED-LENGTH DATA ELEMENTS--GENERAL INFORMATION | |
| fixed length control field | 161120s1952 enk bb 000 0 eng d |
| 035 ## - SYSTEM CONTROL NUMBER | |
| System control number | (BD-RjUL) 55716 |
| 040 ## - CATALOGING SOURCE | |
| Original cataloging agency | VGM |
| Transcribing agency | VGM |
| Modifying agency | BD-RjUL |
| Language of cataloging | eng |
| 041 ## - LANGUAGE CODE | |
| Language code of text/sound track or separate title | eng |
| 082 ## - DEWEY DECIMAL CLASSIFICATION NUMBER | |
| Edition number | 23 |
| Classification number | 828.809 |
| Author mark and year | ARN 1952 |
| 100 1# - MAIN ENTRY--PERSONAL NAME | |
| Personal name | Arnold, Matthew, |
| Dates associated with a name | 1822-1888. |
| 9 (RLIN) | 165602 |
| 245 14 - TITLE STATEMENT | |
| Title | The note-books of Matthew Arnold / |
| Statement of responsibility, etc. | Matthew Arnold edited by Howard Foster Lowry, Karl Young, Waldo Hilary Dunn. |
| 260 ## - PUBLICATION, DISTRIBUTION, ETC. (IMPRINT) | |
| Place of publication, distribution, etc. | London : |
| Name of publisher, distributor, etc. | Oxford University Press, |
| Date of publication, distribution, etc. | 1952. |
| 300 ## - PHYSICAL DESCRIPTION | |
| Pagination | xv, 656 p. ; |
| Size | 22 cm. |
| 504 ## - BIBLIOGRAPHY, ETC. NOTE | |
| Bibliography, etc | Includes Bibliographical References and Index |
| 650 #0 - SUBJECT ADDED ENTRY--TOPICAL TERM | |
| Topical term or geographic name as entry element | Quotations. |
| 9 (RLIN) | 159320 |
| 700 1# - ADDED ENTRY--PERSONAL NAME | |
| Personal name | Lowry, Howard Foster, |
| Dates associated with a name | 1901-1967. |
| Personal name | Dunn, Waldo Hilary, |
| Dates associated with a name | 1882-1969. |
| Personal name | Young, Karl |
| Dates associated with a name | 1879-1943. |
| 942 ## - ADDED ENTRY ELEMENTS (KOHA) | |
| Source of classification or shelving scheme | Dewey Decimal Classification |
| Koha item type | Books |
| Lost status | Source of classification or shelving scheme | Damaged status | Not for loan | Collection code | Permanent Location | Current Location | Shelving location | Date acquired | Source of acquisition | Cost, normal purchase price | Total Checkouts | Full call number | Date last seen | Copy number | Koha item type |
|---|---|---|---|---|---|---|---|---|---|---|---|---|---|---|---|
| Dewey Decimal Classification | Non-fiction | Central Library, University of Rajshahi | Central Library, University of Rajshahi | 25/07/1955 | O. U. P | 25.00 | 828.809 ARN 1952 | 20/11/2016 | C-2 | Books |